Social Innovations in Urban Sanitation in India : Meeting Unmet Needs.

Bibliographic Details
Main Author: Dasgupta, Shubhagato.
Other Authors: Bandyopadhyay, Kaustuv Kanti., Dwivedi, Anju., Das Gupta, Sumona., Bharti, Ms.
Format: eBook
Language:English
Published: Milton : Taylor & Francis Group, 2023.
Edition:1st ed.
Subjects:
Online Access:Click to View
LEADER 01619nam a22004093i 4500
001 EBC7244889
003 MiAaPQ
005 20231204023228.0
006 m o d |
007 cr cnu||||||||
008 231204s2023 xx o ||||0 eng d
020 |a 9781000886375  |q (electronic bk.) 
020 |z 9780367768355 
035 |a (MiAaPQ)EBC7244889 
035 |a (Au-PeEL)EBL7244889 
035 |a (OCoLC)1379638821 
040 |a MiAaPQ  |b eng  |e rda  |e pn  |c MiAaPQ  |d MiAaPQ 
082 0 |a 363.720951 
100 1 |a Dasgupta, Shubhagato. 
245 1 0 |a Social Innovations in Urban Sanitation in India :  |b Meeting Unmet Needs. 
250 |a 1st ed. 
264 1 |a Milton :  |b Taylor & Francis Group,  |c 2023. 
264 4 |c Ã2023. 
300 |a 1 online resource (189 pages) 
336 |a text  |b txt  |2 rdacontent 
337 |a computer  |b c  |2 rdamedia 
338 |a online resource  |b cr  |2 rdacarrier 
588 |a Description based on publisher supplied metadata and other sources. 
590 |a Electronic reproduction. Ann Arbor, Michigan : ProQuest Ebook Central, 2023. Available via World Wide Web. Access may be limited to ProQuest Ebook Central affiliated libraries.  
655 4 |a Electronic books. 
700 1 |a Bandyopadhyay, Kaustuv Kanti. 
700 1 |a Dwivedi, Anju. 
700 1 |a Das Gupta, Sumona. 
700 1 |a Bharti, Ms. 
776 0 8 |i Print version:  |a Dasgupta, Shubhagato  |t Social Innovations in Urban Sanitation in India  |d Milton : Taylor & Francis Group,c2023  |z 9780367768355 
797 2 |a ProQuest (Firm) 
856 4 0 |u https://ebookcentral.proquest.com/lib/matrademy/detail.action?docID=7244889  |z Click to View